[Event "Germain Laplante op"]
[Site "Chambly CAN"]
[Date "2023.04.30"]
[Round "5.9"]
[White "Mok, Yuen Tak"]
[Black "Tsukerman, Julia"]
[Result "1-0"]
[WhiteElo "2039"]
[BlackElo "1970"]
[PlyCount "171"]
[EventDate "2023.04.28"]
[EventType "swiss"]
[EventRounds "5"]
[EventCountry "CAN"]

1. Nf3 d5 2. c4 e6 3. b3 Nf6 4. g3 b6 5. Bg2 Bb7 6. Bb2 Be7 7. O-O O-O 8. e3
Nbd7 9. Qe2 c5 10. Rd1 Qc7 11. Nc3 Rac8 12. cxd5 Nxd5 13. Nxd5 Bxd5 14. e4 Bb7
15. d4 Nf6 16. dxc5 Qxc5 17. Ne5 Rfd8 18. Rac1 Qa5 19. Rxd8+ Rxd8 20. Bc3 Qa3
21. Rc2 Qd6 22. Rd2 Qc7 23. Rxd8+ Qxd8 24. Nc4 Ba6 25. Bf1 h6 26. Bb2 Bb7 27.
f3 Ba6 28. Kg2 Nd7 29. Qd2 Nc5 30. Qxd8+ Bxd8 31. Kf2 Bc7 32. Ba3 Nd7 33. Be2
g6 34. Ke3 Nb8 35. f4 Nc6 36. Bb2 Nb4 37. a3 Nc6 38. Bc3 Kf8 39. b4 Bb5 40. h3
h5 41. Bf6 Ne7 42. Bd3 Nc6 43. g4 hxg4 44. hxg4 Ne7 45. Nb2 Bxd3 46. Bxe7+ Kxe7
47. Nxd3 Kd7 48. b5 Bd6 49. a4 Kc7 50. Kd4 Bf8 51. g5 Bg7+ 52. Kc4 Kd6 53. e5+
Kc7 54. Nf2 Kd7 55. Ne4 Bf8 56. Kd3 Ba3 57. Nf6+ Kd8 58. Ke4 Bc5 59. Ng4 Ke7
60. Nh2 Kd7 61. Nf3 Ke8 62. Ne1 Kd7 63. Nd3 Be7 64. Kd4 Kc7 65. Kc4 Kd7 66. Nc1
Bc5 67. Ne2 Be3 68. Kd3 Bc5 69. Nc3 Kc7 70. Ne4 Be7 71. Nf2 Kd7 72. Ng4 Kd8 73.
Ke4 Ke8 74. Ne3 Bc5 75. Nc4 Kd7 76. Kd3 Kc7 77. Nd2 Kd7 78. Nb3 Bg1 79. Ke4 Kc7
80. Kf3 Kb7 81. Nd2 a6 82. Ne4 axb5 83. axb5 Kc7 84. Nd6 Kd7 85. Nxf7 Bc5 86.
Nh8 1-0

[Event "Germain Laplante op"]
[Site "Chambly CAN"]
[Date "2023.04.30"]
[Round "5.10"]
[White "Di Matteo, Alessio"]
[Black "Jiang, Barron Jiyu"]
[Result "0-1"]
[WhiteElo "2004"]
[BlackElo "1883"]
[PlyCount "90"]
[EventDate "2023.04.28"]
[EventType "swiss"]
[EventRounds "5"]
[EventCountry "CAN"]

1. d4 Nf6 2. c4 g6 3. Nc3 d5 4. Nf3 Bg7 5. Qb3 dxc4 6. Qxc4 O-O 7. e4 a6 8. Bf4
b5 9. Qxc7 Qxc7 10. Bxc7 b4 11. Na4 Nbd7 12. Bd3 Bb7 13. d5 e6 14. dxe6 fxe6
15. Ng5 Bc6 16. Bc2 Rfe8 17. Bb3 Nxe4 18. Nxe4 Bxe4 19. O-O Bd5 20. Rfd1 Rac8
21. Bd6 Bxb3 22. axb3 a5 23. Bxb4 axb4 24. Rxd7 Red8 25. Rxd8+ Rxd8 26. Kf1 Rd2
27. Ke1 Rc2 28. Rd1 Bxb2 29. Rd8+ Kg7 30. Rd7+ Kf6 31. Rxh7 Bc3+ 32. Nxc3 Rxc3
33. Rh3 Rxh3 34. gxh3 Ke5 35. f3 Kd4 36. Kd2 g5 37. f4 gxf4 38. h4 Ke4 39. h5
Kf5 40. h4 e5 41. Ke2 e4 42. Kf2 Kf6 43. Kg2 Kg7 44. Kh3 Kh6 45. Kg4 e3 0-1

[Event "Germain Laplante op"]
[Site "Chambly CAN"]
[Date "2023.04.11"]
[Round "5.11"]
[White "Gauthier, Denis"]
[Black "Rauch, Frank"]
[Result "1-0"]
[WhiteElo "1835"]
[BlackElo "1961"]
[Annotator ",hugh_brodie@hotmail."]
[PlyCount "39"]
[EventDate "2023.04.28"]
[EventType "swiss"]
[EventRounds "5"]
[EventCountry "CAN"]

1. d4 Nf6 2. c4 g6 3. Nc3 Bg7 4. Nf3 d6 5. Bf4 O-O 6. h3 Nbd7 7. e3 Re8 8. Be2
e5 9. dxe5 dxe5 10. Nxe5 Nxe5 11. Qxd8 Rxd8 12. Bxe5 c6 13. O-O Be6 14. Rfd1
Nh5 15. Bxg7 Nxg7 16. Rxd8+ Rxd8 17. Rd1 Rxd1+ 18. Nxd1 Kf8 19. Nc3 Ke7 20. b3
{etc. (34)} 1-0

[Event "Grand Pacific op"]
[Site "Victoria CAN"]
[Date "2023.04.07"]
[Round "1.1"]
[White "He, Matthew"]
[Black "Long Le, Quang"]
[Result "0-1"]
[WhiteElo "2044"]
[BlackElo "2453"]
[PlyCount "102"]
[EventDate "2023.04.07"]
[EventType "swiss"]
[EventRounds "6"]
[EventCountry "CAN"]

1. d4 Nf6 2. c4 e6 3. Nc3 Bb4 4. Qc2 Nc6 5. Nf3 d6 6. a3 Bxc3+ 7. Qxc3 a5 8.
Bg5 h6 9. Bh4 g5 10. Bg3 Ne4 11. Qc2 f5 12. e3 Qf6 13. Bd3 Nxg3 14. hxg3 e5 15.
d5 Nb8 16. e4 f4 17. c5 Nd7 18. Bb5 O-O 19. c6 Nc5 20. O-O-O bxc6 21. Bxc6 Rb8
22. Nd2 Ba6 23. Nc4 fxg3 24. fxg3 Nb3+ 25. Kb1 Qf2 26. Nd2 Nd4 27. Qc3 Ne2 28.
Qc2 Qxg3 29. Rh3 Qxg2 30. Bd7 Nf4 31. Rc3 Qe2 32. Ka1 Bd3 33. Qa4 Rb7 34. Bc6
Ra7 35. Nc4 Qxe4 36. Qb3 Be2 37. Rd2 Kh8 38. Bb5 Qh1+ 39. Ka2 Bh5 40. Ne3 Bg6
41. Rd1 Qe4 42. Rc4 Qf3 43. Rcc1 a4 44. Bxa4 Rxa4 45. Qxa4 Qxe3 46. Rxc7 Qf3
47. Qd7 Bf7 48. Qe7 Kg8 49. Rd2 Nxd5 50. Rxd5 Qxd5+ 51. Kb1 Bg6+ 0-1

[Event "Grand Pacific op"]
[Site "Victoria CAN"]
[Date "2023.04.07"]
[Round "1.3"]
[White "Moffat, Andrei"]
[Black "Doknjas, John"]
[Result "1/2-1/2"]
[WhiteElo "2024"]
[BlackElo "2337"]
[PlyCount "93"]
[EventDate "2023.04.07"]
[EventType "swiss"]
[EventRounds "6"]
[EventCountry "CAN"]

1. Nc3 c5 2. Nf3 d5 3. d4 Nc6 4. dxc5 d4 5. Na4 e5 6. c3 dxc3 7. Qxd8+ Kxd8 8.
bxc3 Kc7 9. Ng5 Nd8 10. Ne4 Bd7 11. Nb2 Bc6 12. Nd6 f6 13. Be3 Bxd6 14. cxd6+
Kxd6 15. f3 Kc7 16. Bf2 b6 17. e4 Ne7 18. Be2 Nb7 19. O-O Rad8 20. Be3 g5 21.
a4 Ng6 22. Rfb1 Nf4 23. Bf1 g4 24. a5 Nxa5 25. Bxf4 exf4 26. Nd3 gxf3 27. gxf3
f5 28. Nxf4 Rdg8+ 29. Kf2 fxe4 30. fxe4 Bxe4 31. Rb4 Re8 32. Bb5 Nc6 33. Bxc6
Bxc6 34. Rxa7+ Bb7 35. Ra2 Re4 36. Rxe4 Bxe4 37. Ne6+ Kd6 38. Nd4 Bd3 39. Ke3
Bc4 40. Rf2 Re8+ 41. Kd2 b5 42. Rf6+ Kc7 43. Rh6 Re7 44. Rc6+ Kb7 45. Rh6 Kc7
46. Rc6+ Kb7 47. Rh6 1/2-1/2

[Event "Grand Pacific op"]
[Site "Victoria CAN"]
[Date "2023.04.07"]
[Round "1.4"]
[White "Sali, Zulfikar"]
[Black "Su, Ethan"]
[Result "1-0"]
[WhiteElo "2308"]
[BlackElo "2010"]
[PlyCount "93"]
[EventDate "2023.04.07"]
[EventType "swiss"]
[EventRounds "6"]
[EventCountry "CAN"]

1. e4 c5 2. Nf3 d6 3. d4 cxd4 4. Nxd4 Nf6 5. Nc3 a6 6. Bc4 e6 7. O-O Be7 8. Bb3
Qc7 9. Be3 Nbd7 10. Bxe6 fxe6 11. Nxe6 Qc4 12. Nxg7+ Kd8 13. Nf5 Nxe4 14. Nd5
Re8 15. Ng7 Rg8 16. Ne6+ Ke8 17. Qh5+ Rg6 18. Nec7+ Kd8 19. Nxa8 Nef6 20. Nxf6
Nxf6 21. Qa5+ Ke8 22. g3 Bh3 23. Nb6 Qe2 24. Qa4+ Kf8 25. Qh4 Bxf1 26. Rxf1
Qxc2 27. Bd4 Rg4 28. Qh6+ Kf7 29. Bxf6 Bxf6 30. Qh5+ Rg6 31. Qd5+ Kf8 32. Nd7+
Kg7 33. Nxf6 Rxf6 34. Qxb7+ Kg6 35. h4 Qe2 36. a4 Kh5 37. Qxh7+ Kg4 38. Qg7+
Kf5 39. Qd7+ Re6 40. Qf7+ Rf6 41. Qd5+ Kg6 42. b4 Qc2 43. b5 Qxa4 44. Qg8+ Kf5
45. Re1 Rg6 46. Qf7+ Rf6 47. Qh5# 1-0

[Event "Grand Pacific op"]
[Site "Victoria CAN"]
[Date "2023.04.07"]
[Round "1.6"]
[White "Kenney, Jason"]
[Black "Su, Andrew"]
[Result "1-0"]
[WhiteElo "2268"]
[BlackElo "2005"]
[PlyCount "129"]
[EventDate "2023.04.07"]
[EventType "swiss"]
[EventRounds "6"]
[EventCountry "CAN"]

1. e4 c6 2. d4 d5 3. e5 c5 4. dxc5 Nc6 5. Bb5 Bf5 6. Nf3 a6 7. Ba4 e6 8. Nd4
Nge7 9. c3 Qc7 10. f4 Be4 11. O-O Nf5 12. Nxf5 Bxf5 13. Be3 h5 14. Nd2 Bg4 15.
Qe1 Qa5 16. Bxc6+ bxc6 17. Nb3 Qc7 18. h3 Bf5 19. Nd4 Bd3 20. Rf2 Qd7 21. b4
Be7 22. Qd1 Be4 23. Qa4 Bh4 24. Rd2 Rc8 25. Qxa6 g5 26. b5 gxf4 27. Bxf4 cxb5
28. c6 Qc7 29. Nxb5 Qxc6 30. Nd6+ Kd7 31. Qxc6+ Kxc6 32. Nxc8 Rxc8 33. Rc1 Be7
34. Be3 Kd7 35. Rf2 Bg6 36. Bd4 Bh4 37. Rb2 Bg5 38. Rf1 Rc7 39. a4 Rc4 40. Ra1
Rxd4 41. cxd4 Be3+ 42. Kf1 Bxd4 43. Rba2 Bxa1 44. Rxa1 Kc8 45. a5 Kb7 46. Ke2
Ka6 47. Ke3 h4 48. Kd4 Be4 49. Ra2 Bb1 50. Rb2 Be4 51. Kc5 Bg6 52. Rf2 Bf5 53.
Kb4 Be4 54. Rf4 Bxg2 55. Rxh4 Be4 56. Rh8 d4 57. Rd8 d3 58. Rd6+ Ka7 59. Kb5
Bd5 60. Rd7+ Kb8 61. Kb6 Kc8 62. Rc7+ Kd8 63. Rc3 Be4 64. Rc4 d2 65. Rd4+ 1-0

[Event "Grand Pacific op"]
[Site "Victoria CAN"]
[Date "2023.04.07"]
[Round "1.7"]
[White "Wang, Jerry"]
[Black "Pham, Bich Ngoc"]
[Result "1/2-1/2"]
[WhiteElo "1980"]
[BlackElo "2260"]
[PlyCount "120"]
[EventDate "2023.04.07"]
[EventType "swiss"]
[EventRounds "6"]
[EventCountry "CAN"]

1. c4 Nf6 2. Nf3 e6 3. g3 d5 4. cxd5 exd5 5. Bg2 Be7 6. O-O O-O 7. d4 Bf5 8.
Qb3 b6 9. Ne5 h6 10. Nc3 c6 11. a4 Qc8 12. Bd2 Bh3 13. Rac1 Qe6 14. f3 Bxg2 15.
Kxg2 c5 16. f4 Nc6 17. e3 c4 18. Qd1 Bb4 19. Nb5 Rfc8 20. Bxb4 Nxb4 21. Nc3 Nd7
22. Qf3 f6 23. Ng6 Re8 24. Rce1 f5 25. Ne5 Nf6 26. Qe2 a6 27. Ra1 Ra7 28. Ra3
Ng4 29. h3 Nf6 30. Qd2 Qd6 31. Raa1 Kh7 32. Qe2 g6 33. Rh1 Rg7 34. Kh2 Reg8 35.
Rhg1 Ne4 36. Nxe4 fxe4 37. g4 g5 38. fxg5 hxg5 39. Kg2 Nd3 40. Rgf1 Qb4 41.
Nxd3 cxd3 42. Qf2 Qb3 43. Qf5+ Rg6 44. Qf2 Qc2 45. Rac1 Qxf2+ 46. Rxf2 a5 47.
Rc7+ R8g7 48. Rc8 Rb7 49. Rff8 Rgg7 50. Kf2 Rgf7+ 51. Ke1 Rxf8 52. Rxf8 Rc7 53.
Rf5 Rc1+ 54. Kd2 Rc2+ 55. Kd1 Re2 56. Rxd5 Rxe3 57. Re5 Re2 58. d5 e3 59. d6
Rd2+ 60. Ke1 Re2+ 1/2-1/2

[Event "Grand Pacific op"]
[Site "Victoria CAN"]
[Date "2023.04.07"]
[Round "1.8"]
[White "Reeve, Jeff"]
[Black "Wu, Nathan"]
[Result "1-0"]
[WhiteElo "2250"]
[BlackElo "1968"]
[PlyCount "97"]
[EventDate "2023.04.07"]
[EventType "swiss"]
[EventRounds "6"]
[EventCountry "CAN"]

1. e4 d5 2. exd5 Qxd5 3. Nf3 Bg4 4. Nc3 Qe6+ 5. Qe2 Bxf3 6. Qxe6 fxe6 7. gxf3
Nd7 8. Nb5 Kf7 9. Nxc7 Rc8 10. Nb5 a6 11. Nc3 e5 12. d3 Ngf6 13. Bh3 e6 14. Bd2
h6 15. O-O-O g5 16. Bg2 b5 17. h4 gxh4 18. Rxh4 h5 19. f4 Rd8 20. Ne4 Nxe4 21.
Bxe4 Be7 22. Rh3 Bf6 23. Rdh1 h4 24. f5 Nc5 25. fxe6+ Nxe6 26. Kd1 Ng5 27. Rxh4
Nxe4 28. Rxh8 Nxf2+ 29. Ke2 Rxh8 30. Rxh8 Bxh8 31. Kxf2 Ke6 32. Ke3 Kd5 33. b3
Bf6 34. c4+ Ke6 35. Ke4 Be7 36. b4 Bd8 37. Be1 Be7 38. c5 Bd8 39. Bf2 Bg5 40.
Be1 Bd8 41. Bg3 Bf6 42. c6 Kd6 43. c7 Kd7 44. Bxe5 Be7 45. a3 a5 46. bxa5 Bxa3
47. Kd5 b4 48. a6 b3 49. a7 1-0

[Event "Grand Pacific op"]
[Site "Victoria CAN"]
[Date "2023.04.07"]
[Round "1.9"]
[White "James, Rowan"]
[Black "Doknjas, Neil"]
[Result "1/2-1/2"]
[WhiteElo "1948"]
[BlackElo "2244"]
[PlyCount "129"]
[EventDate "2023.04.07"]
[EventType "swiss"]
[EventRounds "6"]
[EventCountry "CAN"]

1. e4 c5 2. Nf3 Nf6 3. Nc3 d6 4. Bb5+ Bd7 5. Bxd7+ Qxd7 6. O-O Nc6 7. d4 cxd4
8. Nxd4 g6 9. f3 Bg7 10. Be3 O-O 11. Qd2 Rfc8 12. Nce2 d5 13. Nxc6 bxc6 14.
exd5 cxd5 15. c3 Rab8 16. Rfd1 a5 17. Rac1 Qb5 18. Rc2 e6 19. Bd4 a4 20. Be5
Rb7 21. Nd4 Qc5 22. Kh1 Ne8 23. Bxg7 Kxg7 24. Qf4 Qc7 25. Ne2 Qxf4 26. Nxf4 Nd6
27. Nd3 Nc4 28. Re2 Rb6 29. a3 g5 30. Nb4 h5 31. Rd4 f5 32. h4 Kf6 33. Kh2 Rb5
34. hxg5+ Kf7 35. Rh4 e5 36. Rxh5 Kg6 37. Rh6+ Kxg5 38. Ra6 e4 39. Rxa4 Rh8+
40. Kg1 e3 41. b3 Nd2 42. Rxe3 Nxb3 43. Ra7 d4 44. cxd4 Nxd4 45. Rd7 f4 46. Rd3
Nf5 47. R3d5 Rxd5 48. Rxd5 Kg6 49. Nd3 Kg5 50. a4 Rb8 51. a5 Rb1+ 52. Kh2 Ra1
53. Nc5 Kf6 54. Nd3 Ra4 55. a6 Kg5 56. Nc5 Ra2 57. Ne6+ Kf6 58. Nxf4 Rxa6 59.
Rd2 Ra4 60. Nd5+ Kg5 61. g4 Nh4 62. Kg3 Nxf3 63. Kxf3 Rxg4 64. Rg2 Rxg2 65.
Kxg2 1/2-1/2

[Event "Grand Pacific op"]
[Site "Victoria CAN"]
[Date "2023.04.07"]
[Round "1.10"]
[White "Miller, David"]
[Black "Murray, Michael"]
[Result "1-0"]
[WhiteElo "2214"]
[BlackElo "1939"]
[PlyCount "165"]
[EventDate "2023.04.07"]
[EventType "swiss"]
[EventRounds "6"]
[EventCountry "CAN"]

1. e4 e5 2. f4 Nc6 3. Nf3 Bc5 4. Nc3 d6 5. Bc4 Bg4 6. fxe5 dxe5 7. d3 Nf6 8. h3
Bxf3 9. Qxf3 Nd4 10. Qg3 O-O 11. Bb3 Qd6 12. Bg5 Nh5 13. Qg4 Qg6 14. Nd5 c6 15.
Ne7+ Bxe7 16. Bxe7 Rfe8 17. Qxg6 hxg6 18. Bh4 Nf4 19. O-O Nxb3 20. axb3 a6 21.
Rae1 Ne6 22. Bf2 Rad8 23. Be3 Rd7 24. Rf2 f6 25. h4 Nd4 26. Ref1 Re6 27. g4 c5
28. Kg2 b5 29. g5 Rf7 30. h5 gxh5 31. g6 Rc7 32. Rh1 Kf8 33. Rxh5 Ke7 34. Rh7
Kd6 35. Bh6 Ree7 36. Be3 Nc6 37. Rh3 Nd8 38. Rg3 Kc6 39. Rf1 Ne6 40. Rh3 Nf8
41. Rg3 Ne6 42. c3 Red7 43. Bc1 Rc8 44. Rh1 Rcd8 45. Rhh3 Kb7 46. Kf2 Kc6 47.
Ke2 c4 48. bxc4 bxc4 49. dxc4 Nc5 50. Rh4 Nd3 51. Be3 Nxb2 52. c5 Nc4 53. Rh1
Rd3 54. Rh7 R8d7 55. Bf2 Rxg3 56. Bxg3 Kxc5 57. Bh4 Nd6 58. Bxf6 Ne8 59. Bxe5
a5 60. Bd4+ Kc4 61. Rh5 Re7 62. Rc5+ Kb3 63. Kd3 Re6 64. Rxa5 Rxg6 65. Rb5+ Ka4
66. Rb8 Rg3+ 67. Kc4 Nd6+ 68. Kd5 Nb5 69. Ra8+ Kb3 70. Rb8 Ka4 71. e5 Nxc3+ 72.
Bxc3 Rxc3 73. e6 Re3 74. Rg8 Re1 75. Rxg7 Rd1+ 76. Kc6 Re1 77. e7 Kb4 78. Kd7
Rd1+ 79. Ke8 Rf1 80. Rf7 Rh1 81. Rf5 Rh8+ 82. Kd7 Rh7 83. Kd8 1-0

[Event "Grand Pacific op"]
[Site "Victoria CAN"]
[Date "2023.04.08"]
[Round "2.1"]
[White "Long Le, Quang"]
[Black "Malek, Omid"]
[Result "0-1"]
[WhiteElo "2453"]
[BlackElo "2153"]
[PlyCount "156"]
[EventDate "2023.04.07"]
[EventType "swiss"]
[EventRounds "6"]
[EventCountry "CAN"]

1. d4 f5 2. g3 Nf6 3. Bg2 g6 4. c3 Bg7 5. Qb3 d5 6. Nh3 O-O 7. Nf4 c6 8. c4 e6
9. O-O Na6 10. Nd2 Nc7 11. Nf3 Nce8 12. Qc2 Nd6 13. b3 Nf7 14. Nd3 Ng4 15. Rd1
Qe7 16. a4 Rd8 17. Ba3 Qe8 18. Bb2 a5 19. Bc3 Qe7 20. Qb2 Nd6 21. h3 Nf6 22.
Nfe5 Nfe4 23. Be1 Nf7 24. Nxf7 Qxf7 25. e3 Qc7 26. Rac1 Bd7 27. b4 axb4 28.
cxd5 exd5 29. Qxb4 Bc8 30. a5 g5 31. Qb3 h5 32. Nc5 Qf7 33. Nd3 Re8 34. Qb2 Nd6
35. Ne5 Bxe5 36. dxe5 Nc4 37. Qd4 Be6 38. Ra1 Qc7 39. h4 g4 40. Qf4 Qxe5 41.
Qg5+ Qg7 42. Qxh5 Nd6 43. Rab1 Bf7 44. Qg5 Qxg5 45. hxg5 Kh7 46. Bb4 Nc4 47.
Bf1 Ne5 48. Be2 Be6 49. Bc3 Bc8 50. Kg2 Kg6 51. Rh1 Nf7 52. Rb6 Re6 53. Bd3 c5
54. Rb5 b6 55. axb6 Bb7 56. Rxc5 d4+ 57. Kg1 Re5 58. exd4 Rxc5 59. dxc5 Ra3 60.
Bc4 Nxg5 61. Bb2 Nf3+ 62. Kf1 Nd2+ 63. Ke2 Nxc4 64. Bxa3 Bxh1 65. Bc1 Be4 66.
b7 Bxb7 67. Kd3 Ne5+ 68. Kd4 Kf6 69. Bf4 Nf3+ 70. Kc4 Bc6 71. Kb4 Ke6 72. Kc4
Ne5+ 73. Kd4 Nd7 74. Kc4 Nf6 75. Be3 Ne4 76. Bd4 Nd2+ 77. Kb4 Kd5 78. Be3 Ne4
0-1

[Event "Grand Pacific op"]
[Site "Victoria CAN"]
[Date "2023.04.08"]
[Round "2.3"]
[White "Taylor, Tristan"]
[Black "Zulfikar, Sali"]
[Result "0-1"]
[WhiteElo "2114"]
[BlackElo "2308"]
[PlyCount "92"]
[EventDate "2023.04.07"]
[EventType "swiss"]
[EventRounds "6"]
[EventCountry "CAN"]

1. e4 c5 2. Nf3 d6 3. Bb5+ Bd7 4. Bxd7+ Qxd7 5. c4 Nc6 6. Nc3 g6 7. d4 cxd4 8.
Nxd4 Bg7 9. Be3 Nf6 10. f3 O-O 11. O-O Rfc8 12. b3 Qd8 13. Rc1 Qa5 14. Nxc6
bxc6 15. Qd2 Nd7 16. Bd4 Bf8 17. Kh1 Qh5 18. f4 e5 19. Be3 exf4 20. Bxf4 Ne5
21. Ne2 Be7 22. Rc3 Qg4 23. Rg3 Qe6 24. Nd4 Qf6 25. Nf5 Bf8 26. Bh6 Qd8 27.
Bxf8 Qxf8 28. Nxd6 Rc7 29. c5 Rd8 30. Qg5 Re7 31. h4 Re6 32. Rf6 Rxf6 33. Qxf6
Nd7 34. Qf4 Nxc5 35. Nf5 f6 36. Qc7 Kh8 37. Ne3 Nxe4 38. Rf3 Qd6 39. Qxa7 f5
40. Qa4 Kg7 41. Nc4 Qf6 42. Qa7+ Kh8 43. g3 c5 44. Qa3 Qa1+ 45. Kh2 Rd1 46.
Qa8+ Kg7 0-1

[Event "Grand Pacific op"]
[Site "Victoria CAN"]
[Date "2023.04.08"]
[Round "2.4"]
[White "Qanee, Arpak Worya"]
[Black "Kenney, Jason"]
[Result "0-1"]
[WhiteElo "2064"]
[BlackElo "2268"]
[PlyCount "134"]
[EventDate "2023.04.07"]
[EventType "swiss"]
[EventRounds "6"]
[EventCountry "CAN"]

1. e4 c5 2. Nc3 Nc6 3. Nge2 g6 4. d4 cxd4 5. Nxd4 Bg7 6. Be3 Nf6 7. Be2 O-O 8.
Nb3 d6 9. f4 Be6 10. O-O Qc8 11. Qe1 Nb4 12. Rc1 Bc4 13. a3 Nxc2 14. Rxc2 Bxb3
15. Rc1 Qd7 16. Qh4 d5 17. e5 d4 18. Rcd1 Bxd1 19. Rxd1 Qe6 20. Rxd4 Rad8 21.
Bc4 Qg4 22. Qf2 Rxd4 23. Bxd4 Ne8 24. Nd5 Qd1+ 25. Bf1 f6 26. Nxe7+ Kf7 27. Bc5
b6 28. Qd2 Qb3 29. Qd4 bxc5 30. Bc4+ Qxc4 31. Qxc4+ Kxe7 32. Qxc5+ Ke6 33. Qc6+
Kf5 34. e6 Kxf4 35. e7 Rh8 36. g3+ Ke5 37. Qc5+ Ke6 38. Qxa7 f5 39. b4 Nd6 40.
e8=Q+ Nxe8 41. b5 Be5 42. a4 Nd6 43. Kg2 h5 44. b6 Ne4 45. Qa6 Rd8 46. Qc4+ Kf6
47. Qc6+ Rd6 48. Qb5 Rd2+ 49. Kf1 Rc2 50. Ke1 Bc3+ 51. Kd1 Rd2+ 52. Kc1 Bb2+
53. Qxb2+ Rxb2 54. Kxb2 Nc5 55. a5 g5 56. b7 Na6 57. Kc3 f4 58. gxf4 gxf4 59.
Kc4 f3 60. Kd3 Kf5 61. Ke3 Kg4 62. Kf2 Kf4 63. Kf1 Ke3 64. Ke1 f2+ 65. Kf1 Nb8
66. h3 Na6 67. h4 Nb8 0-1

[Event "Grand Pacific op"]
[Site "Victoria CAN"]
[Date "2023.04.08"]
[Round "2.5"]
[White "Lampman, Becca"]
[Black "Reeve, Jeff"]
[Result "1-0"]
[WhiteElo "2049"]
[BlackElo "2250"]
[PlyCount "69"]
[EventDate "2023.04.07"]
[EventType "swiss"]
[EventRounds "6"]
[EventCountry "CAN"]

1. d4 Nf6 2. c4 g6 3. Nc3 Bg7 4. e4 d6 5. Nf3 O-O 6. Be2 e5 7. O-O exd4 8. Nxd4
Re8 9. f3 Nc6 10. Be3 Nh5 11. Nxc6 bxc6 12. g4 Nf6 13. Qd2 Nd7 14. Rad1 Qe7 15.
Bg5 f6 16. Bh4 Ne5 17. h3 Be6 18. b3 c5 19. f4 Nc6 20. Nd5 Qf7 21. e5 dxe5 22.
fxe5 Bxd5 23. exf6 Nd4 24. Rde1 Bc6 25. fxg7 Rxe2 26. Rxe2 Nf3+ 27. Rxf3 Qxf3
28. Qe3 Qh1+ 29. Kf2 Re8 30. Be7 Bd7 31. Qf4 Kxg7 32. Qxc7 Bc6 33. Bxc5+ Kg8
34. Rxe8+ Bxe8 35. Bd4 1-0

[Event "Grand Pacific op"]
[Site "Victoria CAN"]
[Date "2023.04.08"]
[Round "2.7"]
[White "Villavieja, Butch"]
[Black "Taylor, Ashton"]
[Result "1-0"]
[WhiteElo "2209"]
[BlackElo "1886"]
[PlyCount "99"]
[EventDate "2023.04.07"]
[EventType "swiss"]
[EventRounds "6"]
[EventCountry "CAN"]

1. c4 Nf6 2. Nc3 b6 3. d4 e6 4. e4 Bb4 5. Bd3 Bb7 6. Qc2 c5 7. d5 b5 8. b3 Qe7
9. Nge2 bxc4 10. bxc4 d6 11. O-O e5 12. Nd1 O-O 13. Ne3 Bc8 14. Ng3 g6 15. Nd1
Ne8 16. Bh6 Ng7 17. Ne3 Qh4 18. Bxg7 Kxg7 19. Ne2 Ba5 20. f4 Qe7 21. f5 f6 22.
h4 Nd7 23. Ng3 g5 24. hxg5 Kh8 25. g6 Rg8 26. Kf2 Nf8 27. Rh1 Rb8 28. Nh5 Nxg6
29. fxg6 Rxg6 30. Rab1 Bb6 31. Rh2 Bd7 32. Rbh1 Rbg8 33. Nf5 Bxf5 34. exf5 Rh6
35. Be4 Rg5 36. Bf3 Ba5 37. Rh4 Qd8 38. g4 Bb4 39. Qc1 Qa5 40. Kg3 Qxa2 41.
R1h2 Qb3 42. Nxf6 Be1+ 43. Qxe1 Rxf6 44. Rxh7+ Kg8 45. Qc1 Rfxf5 46. Rh8+ Kg7
47. R2h7+ Kg6 48. Qh1 Rxg4+ 49. Kxg4 Qxc4+ 50. Be4 1-0

[Event "Grand Pacific op"]
[Site "Victoria CAN"]
[Date "2023.04.08"]
[Round "2.8"]
[White "Harms, Reece"]
[Black "Moura, Eduardo"]
[Result "0-1"]
[WhiteElo "1773"]
[BlackElo "2178"]
[PlyCount "68"]
[EventDate "2023.04.07"]
[EventType "swiss"]
[EventRounds "6"]
[EventCountry "CAN"]

1. e4 d6 2. d4 g6 3. Bc4 Bg7 4. Be3 Nf6 5. f3 d5 6. exd5 Nxd5 7. Bf2 O-O 8. Ne2
Nc6 9. c3 Be6 10. Nd2 Bh6 11. O-O Ne3 12. Bxe3 Bxe3+ 13. Kh1 Bxd2 14. Bxe6 Bh6
15. Bc4 e5 16. Bb5 exd4 17. Bxc6 d3 18. Bxb7 Rb8 19. Ba6 dxe2 20. Qxe2 Re8 21.
Qc2 Qd2 22. Qxd2 Bxd2 23. Rab1 Re7 24. g3 h5 25. Rfd1 Be3 26. Bc4 Kg7 27. Rd3
Bc5 28. b3 h4 29. Rbd1 hxg3 30. hxg3 Rh8+ 31. Kg2 Re2+ 32. Kf1 Rf2+ 33. Kg1
Rxa2+ 34. Kf1 Rh1# 0-1

[Event "Grand Pacific op"]
[Site "Victoria CAN"]
[Date "2023.04.08"]
[Round "2.9"]
[White "Doknjas, John"]
[Black "Lu, Yiding"]
[Result "0-1"]
[WhiteElo "2337"]
[BlackElo "2108"]
[PlyCount "74"]
[EventDate "2023.04.07"]
[EventType "swiss"]
[EventRounds "6"]
[EventCountry "CAN"]

1. d4 Nf6 2. c4 e6 3. Nc3 Bb4 4. e3 b6 5. Nge2 Ba6 6. a3 Bxc3+ 7. Nxc3 d5 8. b4
Bxc4 9. Bxc4 dxc4 10. Qe2 c5 11. dxc5 bxc5 12. Qxc4 cxb4 13. Qxb4 Nc6 14. Qb5
Qc7 15. Bd2 O-O 16. O-O Rfd8 17. Qe2 Rab8 18. Ra2 Ne5 19. Rc1 Nd3 20. Rcc2 Ne4
21. Nd1 Qe5 22. Bc3 Qd6 23. f3 Nf4 24. exf4 Qxd1+ 25. Be1 Qd4+ 26. Kf1 Nd6 27.
Qd2 Qf6 28. g3 Rb3 29. Qe2 Nb5 30. Qc4 Rxf3+ 31. Kg2 Nxa3 32. Qe4 Nxc2 33. Kxf3
Nxe1+ 34. Qxe1 Qd4 35. Qa5 Rd7 36. Kg4 Qd1+ 37. Kh4 Rd5 0-1

[Event "Grand Pacific op"]
[Site "Victoria CAN"]
[Date "2023.04.08"]
[Round "3.1"]
[White "Sali, Zulfikar"]
[Black "Villavieja, Butch"]
[Result "1/2-1/2"]
[WhiteElo "2308"]
[BlackElo "2209"]
[Annotator "roger"]
[PlyCount "20"]
[EventDate "2023.04.07"]
[EventType "swiss"]
[EventRounds "6"]
[EventCountry "CAN"]

1. d4 d5 2. Nf3 Nf6 3. Bf4 c6 4. h3 Bf5 5. Nbd2 e6 6. e3 Nbd7 7. Be2 Be7 8. O-O
Ne4 9. c4 O-O 10. Qb3 Qb6 {
drawn on move 13 (moves given are 11 b3 [sic] Qb3 12 ab Nd2 13 Nd2)} 1/2-1/2

[Event "Grand Pacific op"]
[Site "Victoria CAN"]
[Date "2023.04.08"]
[Round "3.2"]
[White "Kenney, Jason"]
[Black "Moura, Eduardo"]
[Result "1/2-1/2"]
[WhiteElo "2268"]
[BlackElo "2178"]
[PlyCount "56"]
[EventDate "2023.04.07"]
[EventType "swiss"]
[EventRounds "6"]
[EventCountry "CAN"]

1. e4 d6 2. d4 Nf6 3. Nc3 e5 4. Nf3 Nbd7 5. Bc4 h6 6. O-O Be7 7. Re1 c6 8. Bf1
O-O 9. b3 Re8 10. Bb2 Qc7 11. Nb1 Bf8 12. Nbd2 b6 13. c4 c5 14. d5 g6 15. g3 h5
16. Nh4 Bh6 17. Bd3 Qd8 18. Nb1 Nf8 19. a3 N8h7 20. b4 Bd7 21. Nc3 Qe7 22. Nb5
Rec8 23. f4 Bxb5 24. cxb5 c4 25. Bc2 exf4 26. e5 fxg3 27. hxg3 c3 28. Bc1 Bxc1
1/2-1/2

[Event "Grand Pacific op"]
[Site "Victoria CAN"]
[Date "2023.04.08"]
[Round "3.6"]
[White "Liu, Zachary"]
[Black "Doknjas, Neil"]
[Result "0-1"]
[WhiteElo "2117"]
[BlackElo "2244"]
[PlyCount "136"]
[EventDate "2023.04.07"]
[EventType "swiss"]
[EventRounds "6"]
[EventCountry "CAN"]

1. e4 c5 2. Nf3 e6 3. d4 cxd4 4. Nxd4 a6 5. Bd3 Bc5 6. Nb3 Ba7 7. O-O Ne7 8.
Nc3 Nbc6 9. Qe2 O-O 10. Be3 Bxe3 11. Qxe3 f5 12. Ne2 Nb4 13. f4 fxe4 14. Bxe4
Nbd5 15. Qc5 d6 16. Qd4 Qc7 17. Rad1 Nf6 18. c3 e5 19. fxe5 dxe5 20. Qe3 Bg4
21. h3 Nxe4 22. Qxe4 Be6 23. Kh2 Nf5 24. Ng3 g6 25. Rfe1 Nxg3 26. Kxg3 Rf5 27.
Kh2 Re8 28. Kh1 Rf4 29. Qe3 Ref8 30. Kg1 Bd7 31. Nc5 Bc8 32. Ne4 Bd7 33. Nc5
Bc8 34. Nd3 R4f5 35. Qc5 Qxc5+ 36. Nxc5 b6 37. Nd3 Re8 38. Re3 e4 39. Nf2 Bb7
40. Rd6 b5 41. Rd4 Rfe5 42. Rd7 R8e7 43. Rd4 Kg7 44. g3 h5 45. h4 g5 46. hxg5
Rxg5 47. Kh2 Rf5 48. Kg2 Ref7 49. Rd2 Rf3 50. Nd1 Kg6 51. Rxf3 Rxf3 52. Re2 Kg5
53. Re3 Rf7 54. Nf2 h4 55. Nh3+ Kg4 56. Nf2+ Kg5 57. Nh3+ Kg4 58. Nf2+ Kf5 59.
Nh3 Rg7 60. Kf2 Rxg3 61. Rxg3 hxg3+ 62. Kxg3 e3 63. Nf4 Ke4 64. b3 a5 65. a3
Bc8 66. c4 a4 67. cxb5 axb3 68. Ne2 b2 0-1